Every 100k+ City in Florida Megalopolis on a Map - Statistics

General Stats
  • This quiz has been taken 510 times
    495 since last reset
  • The average score is 9 of 21
Answers on the Map
Answers color-coded by a green-red scale on the quiz's map according to % correct below.
 
Answer Stats
Population City % Correct
5.5 mil Miami
99%
1.51 mil Orlando
99%
2.44 mil Tampa
99%
1.06 mil Jacksonville
98%
530k Cape Coral
67%
187k Gainesville
65%
643k Sarasota
57%
376K Port St. Lucie
55%
262k Lakeland
51%
156k Ocala
42%
314k Kissimmee
40%
452k Palm Bay
36%
182k Deltona
28%
349k Palm Coast
21%
201k Winter Haven
21%
169k North Port
16%
310k Bonita Springs
14%
148k Spring Hill
13%
131k Leesburg
12%
149k Sebastian
10%
112k Lady Lake
4%
No matching quizzes found
Score Distribution
Percent of People with Each Score
Percentile by Number Answered
Your Score History
You have not taken this quiz since the last reset